| 000 | 01556cam a2200421 a 4500 | ||
|---|---|---|---|
| 003 | CHAP | ||
| 005 | 20230822062642.0 | ||
| 008 | 000223d1996 mx r 00010 spa d | ||
| 010 | _a80024 | ||
| 011 | _a80996 | ||
| 020 | _a9682320348 | ||
| 035 | _a91455 | ||
| 040 | _cCHAP | ||
| 082 | 0 | 4 |
_a681.763 _bV6 |
| 100 | 0 | 0 |
_aValle, María del Carmen del _ccoord. _9117630 |
| 245 | 1 | 3 |
_aEl cambio tecnológico en la agricultura y las agroindustrias en México : _bpropuesta para una nueva dinámica en la actividad productiva _c/coord. por María del Carmen del Valle |
| 260 |
_aMéxico, D. F. : _bSiglo XXI, _c1996. |
||
| 300 | _a209 p. | ||
| 490 | 0 | _aEconomía y demografía | |
| 590 |
_aBATCH-UPD _b10 _c20130110 _lUCH01 _h0640 |
||
| 590 |
_aBATCH-UPD _b10 _c20130110 _lUCH01 _h2338 |
||
| 590 |
_aBATCH-UPD _b10 _c20130410 _lUCH01 _h0324 |
||
| 590 |
_aBATCH-UPD _b10 _c20130914 _lUCH01 _h0044 |
||
| 590 |
_aBATCH-UPD _b10 _c20130914 _lUCH01 _h1708 |
||
| 590 |
_aCONVERSION _b10 _c20130109 _lUCH01 _h1344 |
||
| 650 | 1 | 4 |
_aAgricultura _xInnovaciones tecnológicas. _91565 |
| 650 | 1 | 4 |
_aAgricultura _zMéxico. _91932 |
| 650 | 1 | 4 |
_aIndustrias agrícolas _xMéxico. _957957 |
| 650 | 1 | 4 |
_aPolítica agrícola _zMéxico. |
| 700 | 0 |
_aChávez, Marina. _922807 |
|
| 700 | 0 |
_aNúñez, Ismael. _981988 |
|
| 700 | 0 |
_aPérez, Guillermo. _990120 |
|
| 830 | 0 | 4 |
_aEconomía y demografía (Siglo XXI Editores) _935280 |
| 901 | _aBK | ||
| 905 | _aLilia Sánchez G. | ||
| 942 | _cLIBRO | ||
| 949 |
_a681.763 V6 _bBC _cLIBRO _d33724000756755 _eLIBRO _gI.201595 _h97273 _i91455 _si _t$120.00 |
||
| 999 |
_c80024 _d80024 |
||